[Event "34th Chess Olympiad (women)"]
[Site "Istanbul"]
[Date "2000.11.06"]
[Round "9.12.3"]
[White "Timon, Piote Silvia"]
[Black "Dengler, Dijana"]
[WhiteElo "2246"]
[BlackElo "2120"]
[WhiteCountry "ESP"]
[BlackCountry "BIH"]
[Result "1-0"]

1. c4 e5 2. Nc3 Nf6 3. Nf3 Nc6 4. e3 Bb4 5. Qc2 Bxc3 6. bxc3 Qe7 7. d4 O-O 
8. Be2 Re8 9. O-O d6 10. Ba3 b6 11. Rad1 e4 12. Nd2 Bd7 13. c5 dxc5 
14. dxc5 Rad8 15. Qc1 Qe5 16. Nc4 Qg5 17. Kh1 b5 18. Nd2 a6 19. Nb3 Ne5 
20. Nd4 Bg4 21. Bxg4 Nfxg4 22. h3 Qh5 23. Qc2 Nd3 24. Rd2 Nge5 25. Qd1 Qg6 
26. Bc1 Nxc5 27. Qc2 Nc4 28. Rdd1 Nd3 29. Ne2 Nce5 30. Nf4 Qf5 31. Nxd3 exd3 
32. Qb3 c5 33. Bd2 c4 34. Qb4 Re6 35. f3 Rg6 36. e4 Qh5 37. a4 Nc6 38. Qa3 b4 
39. cxb4 Nd4 40. Qa2 Rg3 41. Bf4 Rg6 42. Qxc4 Rc6 43. Qxd3 g5 44. Be5 g4 
45. Bxd4 gxh3 46. g4 Qg6 47. Qe3 h5 48. Rg1 h4 49. Bc5 Re8 50. Rd5 f6 
51. Rh5 h2 52. Kxh2 Qf7 53. Qh6 
1-0

[Event "34th Chess Olympiad (women)"]
[Site "Istanbul"]
[Date "2000.11.06"]
[Round "9.13.1"]
[White "Reizniece, Dana"]
[Black "Hunt, Harriet"]
[WhiteElo "2275"]
[BlackElo "2454"]
[WhiteCountry "LAT"]
[BlackCountry "ENG"]
[Result "1/2-1/2"]

1. Nf3 Nf6 2. g3 d5 3. Bg2 c6 4. c4 Bg4 5. Ne5 Be6 6. cxd5 Bxd5 7. Nf3 e5 
8. Nc3 Bxf3 9. Bxf3 Be7 10. O-O O-O 11. b3 Qd6 12. Bb2 Nbd7 13. Qc2 Nc5 
14. Rad1 Rad8 15. d3 Rfe8 16. Qb1 Qd7 17. Bg2 h5 18. Ne4 Ncxe4 19. dxe4 Qe6 
20. Qa1 Rxd1 21. Rxd1 Bc5 22. Qc1 Qe7 23. h3 Bb6 24. e3 Bc5 25. Kh2 h4 
1/2-1/2

[Event "34th Chess Olympiad (women)"]
[Site "Istanbul"]
[Date "2000.11.06"]
[Round "9.13.2"]
[White "Lalic, Susan"]
[Black "Voronova, Tatiana"]
[WhiteElo "2315"]
[BlackElo "2278"]
[WhiteCountry "ENG"]
[BlackCountry "LAT"]
[Result "1/2-1/2"]

1. e4 e6 2. d4 d5 3. e5 c5 4. c3 Qb6 5. Nf3 Nc6 6. a3 a5 7. Bd3 Nh6 8. O-O cxd4 
9. cxd4 Nf5 10. Bxf5 exf5 11. Nc3 Be6 12. Qa4 Be7 13. Rd1 h6 14. Qb5 Qxb5 
15. Nxb5 Kd7 16. Bd2 g5 17. Ne1 f4 18. Nd3 b6 19. Rac1 Rhc8 20. Rc3 Nd8 
21. Rdc1 Rxc3 22. Rxc3 Nc6 23. Kf1 Bd8 24. Rc1 Be7 25. Ke2 Bg4+ 26. f3 Bf5 
27. Be1 Rc8 28. Rc3 Be6 
1/2-1/2

[Event "34th Chess Olympiad (women)"]
[Site "Istanbul"]
[Date "2000.11.06"]
[Round "9.13.3"]
[White "Ungure, Liga"]
[Black "Houska, Jovanka"]
[WhiteElo "2119"]
[BlackElo "2279"]
[WhiteCountry "LAT"]
[BlackCountry "ENG"]
[Result "0-1"]

1. e4 c6 2. d4 d5 3. e5 Bf5 4. Nf3 e6 5. Be2 Nd7 6. O-O h6 7. Be3 Ne7 
8. Nbd2 c5 9. dxc5 Nc6 10. Nd4 Nxd4 11. Bxd4 Bxc5 12. Bxc5 Nxc5 13. Bb5+ Nd7 
14. c4 O-O 15. Nf3 Be4 16. cxd5 Bxd5 17. Re1 Rc8 18. b3 Rc5 19. Be2 Qc7 
20. Rc1 Rc8 21. Rxc5 Qxc5 22. h3 Qc2 23. Bc4 Qxd1 24. Rxd1 Bxc4 25. Rxd7 Bd5 
26. Nd4 Rc1+ 27. Kh2 Re1 28. Nb5 Re2 29. Kg3 Rxe5 30. Nd6 Rg5+ 31. Kf4 Rxg2 
32. Ke3 Rh2 33. Nxb7 Rxh3+ 34. Ke2 Rh1 35. Nd6 Ra1 36. Rxa7 Bxb3 37. Rxf7 Rxa2+ 
38. Ke3 Ra1 39. Rc7 Rg1 40. f4 Bd5 41. Nf7 Rg3+ 42. Kd4 Rg1 43. Ke5 Re1+ 
44. Kd6 Rd1 45. Ke5 Ba2 46. Ra7 Rd2 47. Rc7 Rd5+ 48. Ke4 Bb1+ 49. Ke3 Rd3+ 
50. Ke2 Ra3 51. Nd8 Bf5 52. Rb7 Bg4+ 53. Kd2 Rf3 54. Rb4 Rf2+ 55. Kd3 Rf1 
56. Nc6 Re1 57. Kd2 Rd1+ 58. Ke3 Kh7 59. Ne5 Bf5 60. Rb7 Re1+ 61. Kf2 Ra1 
62. Rc7 Ra4 63. Kg3 Ra3+ 64. Kh2 h5 65. Nf7 Ra4 66. Kg3 h4+ 67. Kxh4 Rxf4+ 
68. Kg3 Ra4 69. Ne5 Kh6 70. Rc5 g5 71. Rc8 Ra3+ 72. Kf2 Ra5 73. Nc4 Ra2+ 
74. Ke3 Kg7 75. Nd2 Ra3+ 76. Kf2 g4 77. Nf1 Kf6 78. Rc5 Rf3+ 79. Kg2 Kg5 
80. Nd2 Ra3 81. Ne4+ Kf4 82. Nf6 Ra2+ 83. Kg1 Kg5 84. Ne4+ Kh4 85. Nf2 Ra4 
86. Rc3 g3 
0-1

[Event "34th Chess Olympiad (women)"]
[Site "Istanbul"]
[Date "2000.11.06"]
[Round "9.14.1"]
[White "Khegai, Angela"]
[Black "Medic, Mirjana"]
[WhiteElo "2234"]
[BlackElo "2294"]
[WhiteCountry "UZB"]
[BlackCountry "CRO"]
[Result "1-0"]

1. d4 e6 2. c4 Nf6 3. g3 d5 4. Nf3 dxc4 5. Bg2 a6 6. O-O b5 7. Ne5 Nd5 
8. a4 Bb7 9. axb5 axb5 10. Rxa8 Bxa8 11. e4 Nf6 12. Nc3 c6 13. Bg5 Be7 
14. Qa1 Bb7 15. Rd1 O-O 16. d5 exd5 17. exd5 Nxd5 18. Bf4 Bc5 19. Nxc6 Bxc6 
20. Nxd5 Bxd5 21. Rxd5 Qb6 22. Qe1 Nc6 23. Bd6 Bxd6 24. Rxd6 Qa5 25. Qxa5 Nxa5 
26. Rb6 h6 27. Rxb5 Nb3 28. Bd5 Nd2 29. Rb7 Rc8 30. Bxf7+ Kh7 31. Be6 Rc6 
32. Bf5+ Kg8 33. Kg2 Rf6 34. Bc2 Kf8 35. h4 Nf3 36. Be4 Nd2 37. Bd5 Rd6 
38. Rb5 Rd7 39. f3 Rc7 40. Kf2 Nb1 41. Rb8+ Ke7 42. Rb7 Rxb7 43. Bxb7 Nd2 
44. Ke3 Nf1+ 45. Kf2 Nd2 46. Bd5 Kd6 47. Ke2 c3 48. bxc3 Nb1 49. c4 Nc3+ 
50. Kd3 Nxd5 51. cxd5 Kxd5 52. h5 Ke5 53. Ke3 Kf5 54. g4+ Ke5 55. f4+ Kf6 
56. Kd4 Ke6 57. Ke4 Kf6 58. Kd5 Kf7 59. Ke5 Ke7 60. f5 Kf7 61. f6 Kf8 
62. Ke6 Kg8 63. fxg7 Kh7 64. Kf6 Kg8 65. g5 
1-0

[Event "34th Chess Olympiad (women)"]
[Site "Istanbul"]
[Date "2000.11.06"]
[Round "9.14.2"]
[White "Jelica, Mara"]
[Black "Khamrakulova, Iroda"]
[WhiteElo "2192"]
[BlackElo "2177"]
[WhiteCountry "CRO"]
[BlackCountry "UZB"]
[Result "1-0"]

1. e4 c5 2. Nf3 Nc6 3. d4 cxd4 4. Nxd4 Nf6 5. Nc3 d6 6. Be2 g6 7. Be3 Bg7 
8. O-O O-O 9. Kh1 Ng4 10. Bxg4 Bxg4 11. Nxc6 Bxd1 12. Nxd8 Bxc2 13. Nxb7 Rfb8 
14. Rac1 Bd3 15. Rfd1 Ba6 16. Na5 Rxb2 17. Nc6 Bb7 18. Nxe7+ Kf8 19. Ned5 Rc8 
20. Bxa7 Bxd5 21. Nxd5 Ra8 22. a4 Bh6 23. Rc7 Ra2 24. Nb6 Rd8 25. Nd7+ Ke8 
26. Nf6+ Kf8 27. Bd4 Rxa4 28. Nxh7+ Kg8 29. Nf6+ Kf8 30. g3 Bg5 31. Nh7+ 
1-0

[Event "34th Chess Olympiad (women)"]
[Site "Istanbul"]
[Date "2000.11.06"]
[Round "9.14.3"]
[White "Levushkina, E"]
[Black "Bazaj-Bockai, Snjezana"]
[WhiteElo "2103"]
[BlackElo "2162"]
[WhiteCountry "UZB"]
[BlackCountry "CRO"]
[Result "1-0"]

1. e4 c5 2. Nf3 e6 3. c3 Nf6 4. e5 Nd5 5. d4 cxd4 6. cxd4 Be7 7. Bd3 d6 
8. a3 Nc6 9. O-O Qc7 10. Re1 O-O 11. Qe2 f5 12. exf6 Bxf6 13. Qe4 g6 
14. Bh6 Bg7 15. Bxg7 Qxg7 16. g3 Qf6 17. Nbd2 Bd7 18. Bc4 Nce7 19. Rac1 Kg7 
20. Qh4 Qf5 21. Bf1 Nc6 22. Bh3 Qf6 23. Qxf6+ Rxf6 24. Kg2 Raf8 25. Re2 h6 
26. Rce1 Nc7 27. Re3 d5 28. Kg1 Nb5 29. Rd3 Bc8 30. Bg2 Nd6 31. Nb1 Bd7 
32. Ne5 Be8 33. f4 g5 34. fxg5 hxg5 35. Ng4 Rg6 36. Nc3 Nf5 37. Ne5 Nfxd4 
38. Nxg6 Bxg6 39. Rde3 Nc2 40. Rxe6 Nxe1 41. Rxe1 d4 42. Nb5 d3 43. Nc3 Rd8 
44. Rd1 Nd4 45. g4 b6 46. Ne4 Kh6 47. Kf2 Nc2 48. Rd2 Rf8+ 49. Kg3 Re8 
50. Nc3 Nd4 51. Bf1 Nb3 52. Rd1 d2 53. Bc4 Bc2 54. Bxb3 Bxd1 55. Bxd1 Re1 
56. Kf2 a5 57. Be2 b5 58. Ke3 b4 59. axb4 axb4 60. Kxd2 Rh1 61. Na2 b3 
62. Nc1 Rxh2 63. Nxb3 Rh3 64. Nd4 Kg7 65. b4 Kf6 66. b5 Ra3 67. b6 
1-0

[Event "34th Chess Olympiad (women)"]
[Site "Istanbul"]
[Date "2000.11.06"]
[Round "9.15.1"]
[White "Paasikangas-Tella, Johanna"]
[Black "Skripchenko-Lautier, Almira"]
[WhiteElo "2301"]
[BlackElo "2450"]
[WhiteCountry "FIN"]
[BlackCountry "MDA"]
[Result "0-1"]

1. d4 d5 2. Nf3 c5 3. c3 Nc6 4. e3 e6 5. Bd3 a6 6. O-O Qc7 7. Nbd2 c4 8. Bc2 f5 
9. Re1 Bd6 10. Nf1 Nf6 11. N3d2 O-O 12. a4 Bd7 13. f3 e5 14. dxe5 Bxe5 
15. f4 Bd6 16. Nf3 Rfe8 17. Ng3 g6 18. Ne2 Kg7 19. h3 Rab8 20. Ned4 Re7 
21. Nxc6 Bxc6 22. Nd4 Rbe8 23. Bd2 Bd7 24. Qf3 h5 25. Qg3 Ne4 26. Bxe4 Rxe4 
27. Qf3 Qd8 28. Reb1 Bc8 29. b3 cxb3 30. Rxb3 Bc5 31. Qg3 Qf6 32. Rab1 b6 
33. Qf2 R8e7 34. Qf1 a5 35. R3b2 Ra7 36. Kh1 Ba6 37. Qf3 Rae7 38. Qf2 Bc4 
39. Qf3 Re8 40. Qf2 Rb8 41. Ra1 Rbe8 42. Qf3 R4e7 43. Qg3 Kf8 44. Qf3 Re4 
45. Qg3 R8e7 46. Qf3 Ke8 47. Qf2 Qd6 48. Qg3 Kd8 49. Qg5 Kc7 50. Rbb1 Kb7 
51. Rb2 Ka7 52. Rbb1 Rh7 53. h4 Rhe7 54. Qg3 Kb7 55. Rb2 Qf6 56. Qf2 Qf7 
57. Qg3 Qe8 58. Re1 Rd7 59. Reb1 Rd6 60. Ra1 Re7 61. Qf3 Rc7 62. Qf2 Ka7 
63. Qf3 Qc8 64. Qd1 Qe8 65. Qf3 Bxd4 66. cxd4 Bd3 67. Qd1 Be4 68. Qb3 Qc8 
69. Raa2 Qd8 70. Kg1 Qxh4 71. Ra1 Qd8 72. Qb5 h4 73. Re1 Rdc6 74. Rf1 h3 
75. Bxa5 bxa5 76. Qxa5+ Ra6 77. Qb5 hxg2 78. Rd1 Qc8 
0-1

[Event "34th Chess Olympiad (women)"]
[Site "Istanbul"]
[Date "2000.11.06"]
[Round "9.15.2"]
[White "Sheremetieva, Marina"]
[Black "Rantanen, Tanja"]
[WhiteElo "2340"]
[BlackElo "2120"]
[WhiteCountry "MDA"]
[BlackCountry "FIN"]
[Result "1/2-1/2"]

1. e4 e5 2. Bc4 Nf6 3. d3 Nc6 4. Nf3 d6 5. Ng5 d5 6. exd5 Nxd5 7. Nxf7 Kxf7 
8. Qf3+ Ke6 9. Nc3 Ncb4 10. O-O c6 11. Ne4 Be7 12. c3 Na6 13. Qh3+ Kf7 
14. Qh5+ g6 15. Qxe5 Re8 16. Re1 Be6 17. Bh6 Bf6 18. Qg3 Kg8 19. Qf3 Bg7 
20. Bg5 Qd7 21. Qg3 Bf7 22. Nd6 Rxe1+ 23. Rxe1 Bf8 24. Ne4 Bg7 25. Nd6 Bf8 
26. Ne4 Bg7 27. Nd6 Bf8 
1/2-1/2

[Event "34th Chess Olympiad (women)"]
[Site "Istanbul"]
[Date "2000.11.06"]
[Round "9.15.3"]
[White "Puuska, Heini"]
[Black "Agababean, Naira"]
[WhiteElo "2023"]
[BlackElo "2365"]
[WhiteCountry "FIN"]
[BlackCountry "MDA"]
[Result "0-1"]

1. d4 Nf6 2. Nf3 g6 3. Nc3 Bg7 4. e4 d6 5. Be3 c6 6. Qd2 Nbd7 7. h3 O-O 
8. Bh6 e5 9. Bxg7 Kxg7 10. dxe5 dxe5 11. O-O-O Qe7 12. Nh2 Nc5 13. f3 Nh5 
14. Ne2 Be6 15. Ng4 Rfd8 16. Qh6+ Kg8 17. Rxd8+ Rxd8 18. Nxe5 Qd6 19. Nd3 Nxd3+ 
20. cxd3 Bxa2 21. Nc3 Bb3 22. Qe3 Ng3 23. e5 Qe7 24. Rg1 Nf5 25. Qf4 Qc5 
26. Qg5 Re8 27. d4 Qxd4 
0-1

[Event "34th Chess Olympiad (women)"]
[Site "Istanbul"]
[Date "2000.11.06"]
[Round "9.16.1"]
[White "Uskova, Fliura"]
[Black "Arribas, Maritza"]
[WhiteElo "2285"]
[BlackElo "2300"]
[WhiteCountry "KAZ"]
[BlackCountry "CUB"]
[Result "1/2-1/2"]

1. Nf3 Nf6 2. g3 g6 3. b3 Bg7 4. Bb2 d6 5. d4 O-O 6. Bg2 c6 7. O-O Nbd7 
8. Nbd2 Re8 9. e4 e5 10. Re1 exd4 11. Bxd4 Ne5 12. Bxe5 dxe5 13. Nc4 Be6 
14. Qe2 Bxc4 15. Qxc4 
1/2-1/2

[Event "34th Chess Olympiad (women)"]
[Site "Istanbul"]
[Date "2000.11.06"]
[Round "9.16.2"]
[White "Ramon, Vivian"]
[Black "Klink, Tamara"]
[WhiteElo "2294"]
[BlackElo "2336"]
[WhiteCountry "CUB"]
[BlackCountry "KAZ"]
[Result "1-0"]

1. Nf3 d5 2. b4 e6 3. Bb2 Nf6 4. a3 b6 5. e3 c5 6. c4 Be7 7. Be2 O-O 8. b5 Bb7 
9. O-O Nbd7 10. d3 Qc7 11. Nbd2 e5 12. cxd5 Nxd5 13. Rc1 Rad8 14. Qb3 Qb8 
15. Nc4 Bf6 16. Nfd2 Kh8 17. Bf3 Be7 18. a4 f6 19. Rfe1 Nb4 20. Rcd1 Bxf3 
21. Nxf3 Qb7 22. Ba3 Rfe8 23. Bxb4 cxb4 24. d4 exd4 25. Nxd4 Nc5 26. Qc2 a5 
27. Nc6 Rxd1 28. Rxd1 Qc7 29. Qf5 Bf8 30. Nb2 Qf7 31. Qd5 Qxd5 32. Rxd5 g6 
33. g3 f5 34. Kg2 Bg7 35. Nd4 Kg8 36. Rd6 Rb8 37. Rc6 Rb7 38. Rc8+ Kf7 
39. Nc4 Ke7 40. Nc6+ Kd7 41. Rd8+ Kc7 42. Nd6 Ra7 43. Ne8+ Kb7 44. Rb8# 
1-0

[Event "34th Chess Olympiad (women)"]
[Site "Istanbul"]
[Date "2000.11.06"]
[Round "9.16.3"]
[White "Sergeeva, Maria"]
[Black "Pina, Sulennis"]
[WhiteElo "2277"]
[BlackElo "2312"]
[WhiteCountry "KAZ"]
[BlackCountry "CUB"]
[Result "1-0"]

1. e4 c5 2. Nf3 d6 3. d4 cxd4 4. Nxd4 Nf6 5. Nc3 Nc6 6. Bg5 e6 7. Qd3 Be7 
8. Rd1 a6 9. Be2 Bd7 10. O-O Qc7 11. Qg3 Rd8 12. Kh1 O-O 13. f4 Kh8 14. Nb3 b5 
15. a3 Rfe8 16. Rd2 b4 17. axb4 Nxb4 18. e5 Nfd5 19. Nxd5 Nxd5 20. Bxe7 Rxe7 
21. exd6 Qxd6 22. c4 Qb4 23. cxd5 Ba4 24. Rd3 exd5 25. Nd4 Qxb2 26. Bd1 Bb3 
27. Bc2 Bxc2 28. Rfd1 Rde8 29. h3 g6 30. f5 Qb4 31. Nc6 Re1+ 32. Kh2 
1-0

[Event "34th Chess Olympiad (women)"]
[Site "Istanbul"]
[Date "2000.11.06"]
[Round "9.17.1"]
[White "Sanchez Castillo, Sarai"]
[Black "Baginskaite, Camilla"]
[WhiteElo "2093"]
[BlackElo "2287"]
[WhiteCountry "VEN"]
[BlackCountry "USA"]
[Result "0-1"]

1. e4 c5 2. Nf3 d6 3. d4 cxd4 4. Nxd4 Nf6 5. Nc3 a6 6. Be2 e5 7. Nb3 Be7 
8. Be3 Be6 9. Nd5 Bxd5 10. exd5 Nbd7 11. O-O O-O 12. c4 Ne8 13. f4 exf4 
14. Bxf4 Bg5 15. Bxg5 Qxg5 16. Nd4 a5 17. Nf5 g6 18. h4 Qd8 19. Nh6+ Kg7 
20. Ng4 Qxh4 21. Qd4+ f6 22. Rf4 Qg5 23. Raf1 Kg8 24. Bd1 f5 25. Nh2 Nc5 
26. Qe3 Nf6 27. R4f3 Qxe3+ 28. Rxe3 Rfe8 29. Rxe8+ Rxe8 30. g4 Nxg4 
31. Bxg4 fxg4 32. Nxg4 Kg7 33. b3 h5 34. Nf2 Re2 35. Ra1 g5 36. Kf1 Rb2 
37. Nd1 Rd2 38. Nc3 Rc2 39. Nb5 Ne4 40. a3 g4 41. Kg1 Kf6 42. Re1 Ng5 
43. Re3 h4 44. Nxd6 g3 45. Ne4+ Nxe4 46. Rxe4 h3 47. Re1 Rd2 48. b4 axb4 
49. axb4 Kf5 50. b5 Kg4 51. Kh1 h2 
0-1

[Event "34th Chess Olympiad (women)"]
[Site "Istanbul"]
[Date "2000.11.06"]
[Round "9.17.3"]
[White "Martinez, Aleidi"]
[Black "Epstein, Esther"]
[WhiteElo "2181"]
[BlackElo "2224"]
[WhiteCountry "VEN"]
[BlackCountry "USA"]
[Result "1/2-1/2"]

1. e4 c5 2. Nf3 g6 3. c3 Bg7 4. d4 cxd4 5. cxd4 d5 6. e5 Bg4 7. Nc3 Nc6 
8. Be2 Nh6 9. Bxh6 Bxh6 10. O-O Bxf3 11. Bxf3 e6 12. Na4 Qh4 13. Bg4 O-O 
14. g3 Qe7 15. a3 b5 16. Nc3 Rfb8 17. Be2 a6 18. Qd3 Qa7 19. Rfd1 Bg5 
20. Bf3 Qd7 21. h4 Bd8 22. Ne2 Bb6 23. b3 Rc8 24. h5 Ne7 25. Kg2 Ra7 
26. Rh1 Rac7 27. hxg6 fxg6 28. Rh3 Rf8 29. Rah1 Rf7 30. Nf4 Rg7 31. Bg4 Nf5 
32. Bxf5 exf5 33. e6 Qd6 34. Qf3 Bxd4 35. Nxd5 Rc2 36. e7 Rxf2+ 37. Qxf2 Qxd5+ 
38. Qf3 Qxf3+ 39. Kxf3 Rxe7 40. Rd1 Bc5 41. b4 Re3+ 42. Kg2 Be7 43. Rd7 h5 
44. Rh1 Kf8 45. Rc1 
1/2-1/2

[Event "34th Chess Olympiad (women)"]
[Site "Istanbul"]
[Date "2000.11.06"]
[Round "9.19.1"]
[White "Nepeina-Leconte, Maria"]
[Black "Geldyeva, Mexnri"]
[WhiteElo "2289"]
[BlackElo "2283"]
[WhiteCountry "FRA"]
[BlackCountry "TKM"]
[Result "0-1"]

1. e4 Nf6 2. e5 Nd5 3. d4 d6 4. Bc4 dxe5 5. dxe5 c6 6. Nc3 e6 7. Ne4 Qc7 
8. f4 Nd7 9. Bb3 Nc5 10. Qe2 Nxe4 11. Qxe4 Bc5 12. Nf3 Qb6 13. Bd2 Bf2+ 
14. Ke2 Bc5 15. c4 Ne7 16. Rad1 Bd7 17. Bc3 Nf5 18. Rd3 h5 19. Ng5 Rf8 
20. Rhd1 O-O-O 21. Qf3 h4 22. Ne4 Be7 23. Ba4 Qa6 24. b3 b5 25. Rxd7 Rxd7 
26. Rxd7 Kxd7 27. Qd3+ Kc7 28. cxb5 cxb5 29. Bxb5 Qxa2+ 30. Nd2 Bc5 31. Qc4 Kb6 
32. Ba4 Qa3 33. Ba5+ Kb7 34. Qb5+ Bb6 35. Qd7+ Kb8 36. Bxb6 axb6 37. Bc6 Qe7 
38. Qxe7 Nxe7 39. Be4 f6 40. Nc4 Kc7 41. exf6 Rxf6 42. Ke3 Nd5+ 43. Bxd5 exd5 
44. Ne5 Kd6 45. Nf3 Re6+ 46. Kd3 Re4 47. g3 hxg3 48. hxg3 Kc5 49. Ng5 Re1 
50. g4 d4 51. f5 Re3+ 52. Kc2 Kd5 53. Nh7 Rh3 54. Nf8 Rg3 55. Nd7 Ke4 
56. f6 Rg2+ 57. Kb1 gxf6 58. Nxf6+ Kf3 59. Nd7 d3 60. Nxb6 d2 
0-1

[Event "34th Chess Olympiad (women)"]
[Site "Istanbul"]
[Date "2000.11.06"]
[Round "9.19.2"]
[White "Atbashieva, Guldjahan"]
[Black "Te-Lallemand, Rosa"]
[WhiteElo "2243"]
[BlackElo "2289"]
[WhiteCountry "TKM"]
[BlackCountry "FRA"]
[Result "0-1"]

1. e4 c5 2. Nf3 d6 3. g3 g6 4. Bg2 Nc6 5. c3 Bg7 6. d3 Nf6 7. O-O O-O 
8. Nbd2 Rb8 9. Re1 Bd7 10. Nf1 b5 11. d4 cxd4 12. cxd4 d5 13. e5 Ne8 
14. Bf4 Nc7 15. Ne3 Ne6 16. h4 Nxf4 17. gxf4 Bh6 18. Ng5 Bxg5 19. hxg5 Be6 
20. Rc1 Qd7 21. Rc5 Nb4 22. Bf3 Rfc8 23. a3 Na6 24. Rxc8+ Rxc8 25. Kg2 Rf8 
26. Rh1 f6 27. Qg1 fxg5 28. Qh2 Rf7 29. fxg5 Nc7 30. Qh4 Qd8 31. Bg4 Kh8 
32. f4 Bxg4 33. Qxg4 Qf8 34. Kg3 e6 35. Qh4 Ne8 36. Qh3 h5 37. Qh4 Ng7 
38. Rf1 b4 39. Nc2 bxa3 40. bxa3 Nf5+ 
0-1

[Event "34th Chess Olympiad (women)"]
[Site "Istanbul"]
[Date "2000.11.06"]
[Round "9.19.3"]
[White "Muller, Anne"]
[Black "Ovezova, Maisa"]
[WhiteElo "2135"]
[BlackElo "2174"]
[WhiteCountry "FRA"]
[BlackCountry "TKM"]
[Result "1-0"]

1. e4 c6 2. d4 d5 3. Nc3 e6 4. Nf3 Nd7 5. Bd3 dxe4 6. Nxe4 Ngf6 7. Qe2 Be7 
8. Nxf6+ Nxf6 9. Bg5 Nd5 10. Bxe7 Qxe7 11. O-O-O Nb4 12. Kb1 a5 13. Ne5 a4 
14. a3 Nxd3 15. Rxd3 Bd7 16. Qg4 g6 17. Qf4 b5 18. Rf3 f5 19. Nd3 g5 
20. Qe5 Kf7 21. Re1 Rhe8 22. Qc7 Bc8 23. Rxf5+ Kg6 24. Qxe7 Rxe7 25. Rfe5 Kf6 
26. Nc5 h6 27. c3 Raa7 28. Kc2 Kf7 29. R1e3 Re8 30. R3e4 Rae7 31. h4 Rg8 
32. g3 Rg6 33. Kd2 Rf6 34. Ke3 Rf5 35. hxg5 hxg5 36. Rxf5+ exf5 37. Rxe7+ Kxe7 
38. f4 gxf4+ 39. Kxf4 Kd6 40. Ke3 Ke7 41. Kf3 Kd6 42. Kf4 Kd5 43. Kg5 Kd6 
44. Kf6 Kd5 45. Ke7 
1-0

[Event "34th Chess Olympiad (women)"]
[Site "Istanbul"]
[Date "2000.11.06"]
[Round "9.20.1"]
[White "Koskoska, Gabriela"]
[Black "Fierro, Martha"]
[WhiteElo "2219"]
[BlackElo "2338"]
[WhiteCountry "FRM"]
[BlackCountry "ECU"]
[Result "1-0"]

1. e4 g6 2. d4 Bg7 3. Nf3 c5 4. dxc5 Qa5+ 5. c3 Qxc5 6. Be3 Qc7 7. Bd4 f6 
8. Na3 Nc6 9. Bc4 Nh6 10. O-O a6 11. Re1 Nf7 12. Bxf7+ Kxf7 13. Qb3+ Kf8 
14. Bb6 Qb8 15. Nc4 d6 16. Ne3 Bh6 17. Nd5 Be6 18. Nd4 Nxd4 19. Bxd4 Qc8 
20. c4 Bxd5 21. exd5 Kf7 22. Re6 Re8 23. Rae1 Bg7 24. h4 Qd7 25. h5 Rac8 
26. Bb6 f5 27. Qg3 Bf6 28. b3 Rg8 29. Qf4 Rce8 30. Kf1 Kg7 31. R1e3 Be5 
32. Bd4 Bxd4 33. Qxd4+ Kf7 34. h6 Qc7 35. g4 Qc5 36. Qf4 Qa3 37. Qg5 Qc1+ 
38. Kg2 
1-0

[Event "34th Chess Olympiad (women)"]
[Site "Istanbul"]
[Date "2000.11.06"]
[Round "9.20.2"]
[White "Moncayo, Evelyn"]
[Black "Sekulovska, Vesna"]
[WhiteElo "2135"]
[BlackElo "2120"]
[WhiteCountry "ECU"]
[BlackCountry "FRM"]
[Result "1/2-1/2"]

1. e4 e5 2. Nf3 Nc6 3. Bb5 a6 4. Bxc6 dxc6 5. O-O f6 6. d4 exd4 7. Nxd4 c5 
8. Nb3 Qxd1 9. Rxd1 Bg4 10. f3 Be6 11. Nc3 Bd6 12. Be3 b6 13. a4 Kf7 14. f4 Ne7 
15. a5 c4 16. Nd4 b5 17. e5 Bb4 18. Ne4 Nf5 19. Nxe6 Nxe3 20. Nxc7 Nxd1 
21. Nxa8 Rxa8 22. Rxd1 fxe5 23. Rd7+ Ke6 24. Rxg7 exf4 25. Rxh7 Bxa5 
26. Kf1 Kf5 27. Nc5 Bb4 28. Rh5+ Kg4 29. Rd5 Bxc5 30. Rxc5 Rd8 31. Ke2 Re8+ 
32. Kf2 Rd8 33. Ke2 Re8+ 34. Kf2 Rd8 35. Ke2 
1/2-1/2

[Event "34th Chess Olympiad (women)"]
[Site "Istanbul"]
[Date "2000.11.06"]
[Round "9.21.1"]
[White "Hagarova, Zuzana"]
[Black "Cast, Abigail"]
[WhiteElo "2321"]
[BlackElo "2114"]
[WhiteCountry "SVK"]
[BlackCountry "WLS"]
[Result "1-0"]

1. e4 e6 2. d4 d5 3. Nd2 Nf6 4. e5 Nfd7 5. Bd3 c5 6. c3 Nc6 7. Ngf3 cxd4 
8. cxd4 f6 9. O-O Qc7 10. Re1 Be7 11. Nf1 O-O 12. exf6 Nxf6 13. Ng3 Bd6 
14. Be3 e5 15. dxe5 Nxe5 16. Nxe5 Bxe5 17. Rc1 Qf7 18. Bc5 Re8 19. Bb5 Bd7 
20. Bxd7 Qxd7 21. Bd4 Bxd4 22. Qxd4 b6 23. h3 Rxe1+ 24. Rxe1 Re8 25. Rd1 Qe6 
26. Qa4 Re7 27. Qb5 Qd7 28. Qd3 Re5 29. Qd4 Re8 30. Qf4 Qb5 31. b3 Qa5 
32. Nf5 Qc3 33. Rc1 Re1+ 34. Rxe1 Qxe1+ 35. Kh2 Qe8 36. Qc7 Qf7 37. Qd8+ Ne8 
38. Ne7+ Kf8 39. Nxd5 Qe6 40. Ne3 Qe5+ 41. g3 Qb2 42. Kg2 Qxa2 43. Qd3 Nf6 
44. Nc4 Qa1 45. Qd6+ Ke8 46. Ne5 Qa6 47. Qe6+ Kd8 48. Nf7+ Kc7 49. Qd6+ Kc8 
50. Qc6+ Kb8 51. Nd6 Ng8 52. Qd7 
1-0

[Event "34th Chess Olympiad (women)"]
[Site "Istanbul"]
[Date "2000.11.06"]
[Round "9.21.2"]
[White "Evans-Quek, Deborah"]
[Black "Mrvova, Alena"]
[WhiteElo "2150"]
[BlackElo "2231"]
[WhiteCountry "WLS"]
[BlackCountry "SVK"]
[Result "0-1"]

1. e4 c5 2. Nf3 d6 3. g3 g6 4. d3 Bg7 5. Bg2 e5 6. O-O Ne7 7. h4 Bg4 8. c3 Nbc6 
9. a3 O-O 10. Be3 Qd7 11. Kh2 Rab8 12. b4 b6 13. Qc1 f5 14. Ng1 f4 
15. gxf4 exf4 16. Bxf4 Rxf4 
0-1

[Event "34th Chess Olympiad (women)"]
[Site "Istanbul"]
[Date "2000.11.06"]
[Round "9.21.3"]
[White "Chorvatova, Elena"]
[Black "Powell, Annie"]
[WhiteElo "2077"]
[BlackElo "2000"]
[WhiteCountry "SVK"]
[BlackCountry "WLS"]
[Result "1-0"]

1. e4 c5 2. Nc3 Nc6 3. g3 g6 4. Bg2 Bg7 5. d3 d6 6. Be3 e6 7. Qd2 Rb8 8. Nh3 b6 
9. O-O Nge7 10. Bh6 O-O 11. Rae1 Re8 12. Bxg7 Kxg7 13. Nd1 Qd7 14. Qf4 Ng8 
15. Ne3 e5 16. Qf3 f6 17. Qd1 Nce7 18. f4 Nh6 19. Kh1 Ng4 20. Nf2 Nxe3 
21. Rxe3 Nc6 22. f5 g5 23. h4 h6 24. Bf3 Rh8 25. Bh5 Ne7 26. Kg2 Bb7 27. c4 Bc6 
28. g4 Qd8 29. Rh1 Be8 30. Bxe8 Qxe8 31. Reh3 Qf7 32. Qa4 a5 33. Qb3 b5 
34. Qc3 b4 35. Qc2 b3 36. axb3 Nc6 37. hxg5 hxg5 38. Rxh8 Rxh8 39. Rxh8 Kxh8 
40. Qd1 Kg7 41. Qa1 Qb7 42. Qa4 Kf7 43. Qb5 Qc8 44. Nd1 Nb4 45. Qxa5 Nxd3 
46. Qa7+ Kg8 47. Nc3 Nf4+ 48. Kf3 Qf8 49. Nd5 Nxd5 50. exd5 Qh6 51. Qb8+ Kh7 
52. Qc7+ Kg8 53. Qd8+ Kf7 54. Qd7+ Kg8 55. Qe6+ Kh7 56. Qf7+ Kh8 57. Qh5 Qxh5 
58. gxh5 
1-0

[Event "34th Chess Olympiad (women)"]
[Site "Istanbul"]
[Date "2000.11.06"]
[Round "9.22.1"]
[White "Agrest, Svetlana"]
[Black "Berntsen, Sheila Barth"]
[WhiteElo "2210"]
[BlackElo "2094"]
[WhiteCountry "SWE"]
[BlackCountry "NOR"]
[Result "1-0"]

1. e4 c5 2. Nf3 Nc6 3. Bb5 Na5 4. O-O Nf6 5. Re1 a6 6. Bf1 b5 7. d4 cxd4 
8. Nxd4 e5 9. Nf3 d6 10. Bg5 Be7 11. Nc3 Be6 12. Bxf6 Bxf6 13. Nd5 Bxd5 
14. Qxd5 Rc8 15. c3 O-O 16. Red1 Rc5 17. Qxd6 Qc8 18. Qd7 Nc4 19. Bxc4 Rxc4 
20. Qxc8 Rfxc8 21. Nd2 R4c6 22. Kf1 Be7 23. Ke2 f6 24. a3 a5 25. Nb3 Bd8 
26. Rd7 Bb6 27. Nd2 Rd8 28. Rxd8+ Bxd8 29. a4 bxa4 30. Rxa4 Kf8 31. Nc4 Rc5 
32. Kd3 Rb5 33. f3 g6 34. Kc2 h5 35. Ne3 Kf7 36. Nd5 f5 37. Rc4 Rb8 
38. Rc6 fxe4 39. fxe4 Rb7 40. Rc8 Bh4 41. Rc7+ Rxc7 42. Nxc7 Ke7 43. Nd5+ Kd6 
44. b4 Bd8 45. Kb3 axb4 46. cxb4 Bh4 47. Ka4 Kc6 48. Ka5 Bd8+ 49. Ka6 g5 
50. h3 h4 51. Ne3 Be7 52. b5+ Kc5 53. Nf5 Bd8 54. Ng7 Kd6 55. b6 Kc6 56. b7 Bc7 
57. Ka7 Kd7 58. b8=Q Bxb8+ 59. Kxb8 Kd6 60. Nf5+ Kc5 61. Kc7 
1-0

[Event "34th Chess Olympiad (women)"]
[Site "Istanbul"]
[Date "2000.11.06"]
[Round "9.22.2"]
[White "Johnsen, Sylvia"]
[Black "Johansson, Victoria"]
[WhiteElo "2049"]
[BlackElo "2152"]
[WhiteCountry "NOR"]
[BlackCountry "SWE"]
[Result "0-1"]

1. e4 c6 2. d4 d5 3. exd5 cxd5 4. c4 Nf6 5. Nc3 e6 6. Nf3 Bb4 7. a3 Bxc3+ 
8. bxc3 O-O 9. Ne5 Nbd7 10. Bg5 Qa5 11. Bd2 Nxe5 12. dxe5 Ne4 13. f4 Qc5 
14. Qe2 Nxd2 15. Kxd2 Rd8 16. Ke1 Bd7 17. Rd1 Qxa3 18. cxd5 Qxc3+ 19. Qd2 Qxd2+ 
20. Rxd2 exd5 21. Rxd5 Bc6 22. Rxd8+ Rxd8 23. Rg1 a5 24. Be2 Kf8 25. Kf2 a4 
26. Ke3 b5 27. Rb1 a3 28. Ra1 b4 29. Bc4 Bxg2 30. Rb1 Rb8 31. Kd4 Bh3 
32. Ra1 Be6 33. Bxe6 fxe6 34. Kc4 b3 35. Kd4 
0-1